Understanding Wage & Compensation System (Record no. 15865)

MARC details
000 -LEADER
fixed length control field 00363nam a2200145Ia 4500
008 - FIXED-LENGTH DATA ELEMENTS--GENERAL INFORMATION
fixed length control field 221030s9999 xx 000 0 und d
020 ## - INTERNATIONAL STANDARD BOOK NUMBER
ISBN 9351426073
041 ## - LANGUAGE CODE
Language code of text/sound track or separate title
100 ## - MAIN ENTRY--AUTHOR NAME
Personal name A. M. Sarma
245 #0 - TITLE STATEMENT
Title Understanding Wage & Compensation System
Statement of responsibility, etc by A. M. Sarma
260 ## - PUBLICATION, DISTRIBUTION, ETC. (IMPRINT)
Name of publisher HPH
Place of publication New Delhi
Year of publication 2014
300 ## - PHYSICAL DESCRIPTION
Number of Pages 404
650 ## - SUBJECT ADDED ENTRY--TOPICAL TERM
Topical Term Management
942 ## - ADDED ENTRY ELEMENTS (KOHA)
Koha item type Books
Holdings
Accession Number Cost, normal purchase price Bill Date Source of acquisition Price effective from Koha item type Withdrawn / writtenoff status Materials specified (bound volume or other part) Damaged status Not for loan Permanent Location Current Location Shelving location Date acquired Lost/ Missing status department
MBA 2938 325.00 3998 RKB 10/30/2022 Books   Print   Not For Loan MIET Library, Jammu MIET Library, Jammu BL-Academic Block B, FL-2, CUP-140, SH-2, R-2 12/22/2015   MBA
MBA 2939 325.00 3995 RKB 10/30/2022 Books   Print     MIET Library, Jammu MIET Library, Jammu BL-Academic Block B, FL-2, CUP-136, SH-1, R-1 12/22/2015   MBA
MBA 2940 325.00 3998 RKB 10/30/2022 Books   Print     MIET Library, Jammu MIET Library, Jammu BL-Academic Block B, FL-2, CUP-136, SH-1, R-1 12/22/2015   MBA
MBA 2792 325.00 3921 RKB 10/30/2022 Books   Print   Not For Loan MIET Library, Jammu MIET Library, Jammu BL-Aacdemic Block B, FL-2, CUP-140, SH-2, R-2 12/04/2015   MBA
MBA 2793 325.00 3921 RKB 10/30/2022 Books   Print     MIET Library, Jammu MIET Library, Jammu BL-Aacdemic Block B, FL-2, CUP-136, SH-1, R-1 12/04/2015   MBA
MBA 2794 325.00 3921 RKB 10/30/2022 Books   Print     MIET Library, Jammu MIET Library, Jammu BL-Aacdemic Block B, FL-2, CUP-136, SH-1, R-1 12/04/2015   MBA